Christmas story (The): (Record no. 103416)
[ view plain ]
| 000 -LEADER | |
|---|---|
| fixed length control field | 00706nam a2200181 a 4500 |
| 005 - DATE AND TIME OF LATEST TRANSACTION | |
| control field | 20140412111301.0 |
| 008 - FIXED-LENGTH DATA ELEMENTS--GENERAL INFORMATION | |
| fixed length control field | 001117s19uu xx 00 eng d |
| 020 ## - INTERNATIONAL STANDARD BOOK NUMBER | |
| International Standard Book Number | 0-394-88051-X |
| 050 ## - LIBRARY OF CONGRESS CALL NUMBER | |
| Classification number | TR(PS E |
| Item number | Ch46 1986 |
| 245 ## - TITLE STATEMENT | |
| Title | Christmas story (The): |
| Remainder of title | with Ruth Morehead's Holly Babes. |
| 260 ## - PUBLICATION, DISTRIBUTION, ETC. (IMPRINT) | |
| Place of publication, distribution, etc | New York : |
| Name of publisher, distributor, etc | Random House, |
| Date of publication, distribution, etc | 1986. |
| 300 ## - PHYSICAL DESCRIPTION | |
| Extent | 1 v. (unp.) ; col. ; ill. |
| 440 ## - SERIES STATEMENT/ADDED ENTRY--TITLE | |
| Title | A Random House Pictureback |
| 520 ## - SUMMARY, ETC. | |
| Summary, etc | A simple retelling of the Christmas story according to the Gospels of St. Matthew and St. Luke, set up as a Christmas pageant with Ruth J. Moreheads's Holly Babes acting the parts. |
| 650 ## - SUBJECT ADDED ENTRY--TOPICAL TERM | |
| Topical term or geographic name as entry element | Jesus Christ--Nativity |
| 650 ## - SUBJECT ADDED ENTRY--TOPICAL TERM | |
| Topical term or geographic name as entry element | Bible stories--N.T. |
| Withdrawn status | Lost status | Damaged status | Use restrictions | Home library | Current library | Shelving location | Date acquired | Source of acquisition | Total Checkouts | Full call number | Barcode | Date last seen | Price effective from | Koha item type |
|---|---|---|---|---|---|---|---|---|---|---|---|---|---|---|
| Elizalde Library | Elizalde Library | Teachers Reference Section | 11/17/2000 | TR(PS E Ch46 1986 | E4774 | 04/12/2014 | 04/12/2014 | Books |